<?xml version="1.0" encoding="UTF-8"?>
<record
    xmlns:xsi="http://www.w3.org/2001/XMLSchema-instance"
    xsi:schemaLocation="http://www.loc.gov/MARC21/slim http://www.loc.gov/standards/marcxml/schema/MARC21slim.xsd"
    xmlns="http://www.loc.gov/MARC21/slim">

  <leader>02442nam a2200349 i 4500</leader>
  <controlfield tag="003">CO-MdUADB</controlfield>
  <controlfield tag="005">20240831092510.0</controlfield>
  <controlfield tag="007">cr unu|||a|na|</controlfield>
  <controlfield tag="008">240814s    2024ck od|||om||| 00| 0 spa d</controlfield>
  <datafield tag="040" ind1=" " ind2=" ">
    <subfield code="a">CO-MdUADB</subfield>
    <subfield code="b">spa</subfield>
    <subfield code="c">CO-MdUADB</subfield>
    <subfield code="e">rda</subfield>
  </datafield>
  <datafield tag="091" ind1=" " ind2=" ">
    <subfield code="a">JD</subfield>
  </datafield>
  <datafield tag="100" ind1=" " ind2=" ">
    <subfield code="9">866735</subfield>
    <subfield code="a">Londo&#xF1;o Osorio, Marilyn</subfield>
    <subfield code="c">Licenciado en Matem&#xE1;ticas</subfield>
    <subfield code="e">aut</subfield>
  </datafield>
  <datafield tag="245" ind1="1" ind2=" ">
    <subfield code="a">Relaci&#xF3;n de tareas sobre patrones de secuencias con el pensamiento algebraico en el grado sexto del Instituto T&#xE9;cnico Industrial Pascual Bravo</subfield>
  </datafield>
  <datafield tag="264" ind1=" " ind2=" ">
    <subfield code="a">Medell&#xED;n : </subfield>
    <subfield code="b">Autor/a, </subfield>
    <subfield code="c">2024</subfield>
  </datafield>
  <datafield tag="300" ind1=" " ind2=" ">
    <subfield code="a">Recurso en l&#xED;nea (78 p&#xE1;ginas).</subfield>
    <subfield code="b">Archivo de texto PDF, gr&#xE1;ficas y fotograf&#xED;as a color</subfield>
  </datafield>
  <datafield tag="336" ind1=" " ind2=" ">
    <subfield code="2">rdacontent</subfield>
    <subfield code="a">texto</subfield>
    <subfield code="b">txt</subfield>
  </datafield>
  <datafield tag="337" ind1=" " ind2=" ">
    <subfield code="a">computadora</subfield>
  </datafield>
  <datafield tag="338" ind1=" " ind2=" ">
    <subfield code="a">recurso en l&#xED;nea</subfield>
  </datafield>
  <datafield tag="347" ind1=" " ind2=" ">
    <subfield code="a">Pdf</subfield>
    <subfield code="c">1.75 MB	</subfield>
  </datafield>
  <datafield tag="502" ind1=" " ind2=" ">
    <subfield code="b">149</subfield>
    <subfield code="c">15</subfield>
    <subfield code="d">2024</subfield>
  </datafield>
  <datafield tag="520" ind1="3" ind2=" ">
    <subfield code="a">Esta investigaci&#xF3;n tiene como objetivo analizar c&#xF3;mo se relacionan tareas sobre patrones de secuencias con el pensamiento algebraico en el grado sexto del Instituto T&#xE9;cnico Industrial Pascual Bravo. Los participantes de la investigaci&#xF3;n fueron cuatro grupos de estudiantes, con ellos se analiz&#xF3; c&#xF3;mo se relacionan tareas con los estratos del pensamiento algebraico. Se pone especial atenci&#xF3;n a la propiedad de comunalidad como una caracter&#xED;stica que compone la generalizaci&#xF3;n de patrones. La recolecci&#xF3;n de datos de la investigaci&#xF3;n se realiz&#xF3; en cinco fases: dise&#xF1;o de tareas, implementaci&#xF3;n de tareas, recolecci&#xF3;n de informaci&#xF3;n, selecci&#xF3;n y an&#xE1;lisis de la informaci&#xF3;n. Se encontr&#xF3; que los estudiantes pueden llegar a un nivel factual, contextual y simb&#xF3;lico dependiendo de c&#xF3;mo se vinculan los niveles del pensamiento algebraico y los medios semi&#xF3;ticos movilizados en el desarrollo de las tareas de patrones de secuencias.</subfield>
  </datafield>
  <datafield tag="526" ind1=" " ind2=" ">
    <subfield code="a">151</subfield>
  </datafield>
  <datafield tag="650" ind1=" " ind2="7">
    <subfield code="2">lemb</subfield>
    <subfield code="9">5458</subfield>
    <subfield code="a">&#xC1;lgebra</subfield>
  </datafield>
  <datafield tag="650" ind1=" " ind2="7">
    <subfield code="2">lemb</subfield>
    <subfield code="a">M&#xE9;todos de ense&#xF1;anza</subfield>
    <subfield code="9">30740</subfield>
  </datafield>
  <datafield tag="650" ind1=" " ind2="7">
    <subfield code="2">lemb</subfield>
    <subfield code="9">117481</subfield>
    <subfield code="a">Matem&#xE1;ticas</subfield>
    <subfield code="x">Ense&#xF1;anza superior</subfield>
  </datafield>
  <datafield tag="653" ind1=" " ind2=" ">
    <subfield code="a">Pensamiento algebraico</subfield>
  </datafield>
  <datafield tag="700" ind1=" " ind2=" ">
    <subfield code="9">866736</subfield>
    <subfield code="a">Ram&#xED;rez Morales, Geraldine</subfield>
    <subfield code="c">Licenciado en Matem&#xE1;ticas</subfield>
    <subfield code="e">aut</subfield>
  </datafield>
  <datafield tag="700" ind1=" " ind2=" ">
    <subfield code="9">608116</subfield>
    <subfield code="a">Zapata, Sandra Milena</subfield>
    <subfield code="c">Doctora en Educaci&#xF3;n</subfield>
    <subfield code="e">ths</subfield>
  </datafield>
  <datafield tag="700" ind1=" " ind2=" ">
    <subfield code="9">459795</subfield>
    <subfield code="a">Durango Urrego, John Henry</subfield>
    <subfield code="c">Doctor en Educaci&#xF3;n</subfield>
    <subfield code="e">ths</subfield>
  </datafield>
  <datafield tag="856" ind1="4" ind2=" ">
    <subfield code="u">https://bibliotecadigital.udea.edu.co/handle/10495/40411IA</subfield>
    <subfield code="z">CONSULTE TEXTO COMPLETO EN EL REPOSITORIO INSTITUCIONAL DE LA UNIVERSIDAD DE ANTIOQUIA</subfield>
  </datafield>
  <datafield tag="942" ind1=" " ind2=" ">
    <subfield code="2">FAC</subfield>
    <subfield code="c">TESIS</subfield>
  </datafield>
  <datafield tag="999" ind1=" " ind2=" ">
    <subfield code="c">859526</subfield>
    <subfield code="d">859526</subfield>
  </datafield>
  <datafield tag="952" ind1=" " ind2=" ">
    <subfield code="0">0</subfield>
    <subfield code="1">0</subfield>
    <subfield code="2">ddc</subfield>
    <subfield code="4">0</subfield>
    <subfield code="7">0</subfield>
    <subfield code="a">CEDED</subfield>
    <subfield code="b">CEDED</subfield>
    <subfield code="d">2024-08-14</subfield>
    <subfield code="l">0</subfield>
    <subfield code="r">2024-08-14 00:00:00</subfield>
    <subfield code="w">2024-08-14</subfield>
    <subfield code="y">TESIS</subfield>
  </datafield>
</record>
